
Library Catalogue

| 000 -LEADER | |
|---|---|
| fixed length control field | 01515nam a2200217Ia 4500 |
| 003 - CONTROL NUMBER IDENTIFIER | |
| control field | OSt |
| 005 - DATE AND TIME OF LATEST TRANSACTION | |
| control field | 20220105163910.0 |
| 008 - FIXED-LENGTH DATA ELEMENTS--GENERAL INFORMATION | |
| fixed length control field | 160316s2000 xxu||||| |||| 00| 0 eng d |
| 020 ## - INTERNATIONAL STANDARD BOOK NUMBER | |
| International Standard Book Number | 033393338 |
| 040 ## - CATALOGING SOURCE | |
| Transcribing agency | . |
| 082 ## - DEWEY DECIMAL CLASSIFICATION NUMBER | |
| Classification number | 344.046 CHA |
| Item number | CHA |
| 100 ## - MAIN ENTRY--PERSONAL NAME | |
| Personal name | Chary S N |
| 245 ## - TITLE STATEMENT | |
| Title | Environmental Management : An Indian Perspective |
| 260 ## - PUBLICATION, DISTRIBUTION, ETC. | |
| Place of publication, distribution, etc. | Delhi |
| Name of publisher, distributor, etc. | Macmillan India Limited |
| Date of publication, distribution, etc. | 2000 |
| 300 ## - PHYSICAL DESCRIPTION | |
| Extent | 358p |
| Dimensions | v |
| 365 ## - TRADE PRICE | |
| Price amount | Rs.278 |
| 505 ## - FORMATTED CONTENTS NOTE | |
| Formatted contents note | Table Of Contents:<br/>Preface;<br/>1.Introduction <br/>2. Social-Ecological Research in India: A 'Status' Report <br/> 3.Whither India's Environment? <br/> 4.Economic Reform and Ecological Refurbishment: A Strategy for India <br/> 5.Environmental Accounting <br/> 6.Environment and Energy <br/> 7.Water Resources Planning: Changing Perspectives <br/> 8.Resettlement and Rehabilitation of the Displaced <br/> 9.Pani Panchayat Model of Water Management <br/>10. Forest Resource Management in India: Role of the State and its Effectiveness <br/>11.Subsidies, Controls and the Use of Natural Capital in India <br/>12. Environmental Legislation and Implementation in India <br/>13. Global Environmental Issues: Impact on India <br/>14.Environmental Concerns and Management in the South and the North –<br/> A Comparative Perspective <br/>15. Managing the Environment – A Gender Perspective •<br/>16.A Framework for Conducting Carrying Capacity Studies for Dakshina Kannada District <br/> Index<br/> |
| 650 ## - SUBJECT ADDED ENTRY--TOPICAL TERM | |
| Topical term or geographic name entry element | 1. Environment Management - Natural Resources - India |
| 700 ## - ADDED ENTRY--PERSONAL NAME | |
| Personal name | Vyasulu Vinod |
| -- | |
| 942 ## - ADDED ENTRY ELEMENTS (KOHA) | |
| Source of classification or shelving scheme | Dewey Decimal Classification |
| Koha item type | BOOKs |
| Withdrawn status | Lost status | Damaged status | Not for loan | Home library | Current library | Shelving location | Date acquired | Cost, normal purchase price | Total Checkouts | Full call number | Barcode | Date last seen | Price effective from | Koha item type |
|---|---|---|---|---|---|---|---|---|---|---|---|---|---|---|
| . | . | 30.05.2017 | 278.00 | 344.046 CHA | 15106 | 30.05.2017 | 30.05.2017 | BOOKs |